000
00216nam a22000857a 4500
008
161213b xxu||||| |||| 00| 0 eng d
100
_9
2027
_a
Tulsi.V.etal.
245
_a
English Work Book-II
260
_a
New Delhi
_b
APC
_c
2009
999
_c
4903
_d
4903